An American dilemma (Record no. 83900)
[ view plain ]
| 000 -LEADER | |
|---|---|
| fixed length control field | 00746nam a2200181 a 4500 |
| 008 - FIXED-LENGTH DATA ELEMENTS--GENERAL INFORMATION | |
| fixed length control field | 120416s1944 ||||||||||||||||| || u |
| 050 ## - LIBRARY OF CONGRESS CALL NUMBER | |
| Classification number | E 185.6 Myr |
| 100 ## - MAIN ENTRY--PERSONAL NAME | |
| Personal name | Myrdal, Gunnar |
| 245 13 - TITLE STATEMENT | |
| Title | An American dilemma |
| 246 ## - | |
| -- | the Negro problem and modern democracy |
| 250 ## - EDITION STATEMENT | |
| Edition statement | 6th ed. |
| 260 ## - PUBLICATION, DISTRIBUTION, ETC. | |
| Place of publication, distribution, etc. | New York |
| Name of publisher, distributor, etc. | Harper |
| Date of publication, distribution, etc. | 1944 |
| 300 ## - PHYSICAL DESCRIPTION | |
| Extent | 2 vols |
| 350 ## - | |
| -- | 0.00 |
| 700 ## - ADDED ENTRY--PERSONAL NAME | |
| Personal name | Rose, Arnold |
| 995 ## - | |
| -- | MAIN LIBRARY OPEN ACCESS |
| -- | 0.00 |
| -- | 709880 |
| -- | CBU-MAIN LIBRARY (Kitwe) |
| -- | 1 |
| -- | 8.00 |
| -- | E 185.6 Myr |
| -- | 1 |
| -- | AVAILABLE |
| -- | Oct 11, 2006 |
| -- | 001185 |
| -- | Main Library Open Access Collection |
| 995 ## - | |
| -- | MAIN LIBRARY OPEN ACCESS |
| -- | 0.00 |
| -- | 709881 |
| -- | CBU-MAIN LIBRARY (Kitwe) |
| -- | 2 |
| -- | 8.00 |
| -- | E 185.6 Myr |
| -- | 1 |
| -- | AVAILABLE |
| -- | Oct 11, 2006 |
| -- | 001186 |
| -- | Main Library Open Access Collection |
| 999 ## - | |
| -- | 83900 |
| -- | 83900 |
| Withdrawn status | Lost status | Source of classification or shelving scheme | Damaged status | Not for loan | Permanent Location | Current Location | Shelving location | Date acquired | Total Checkouts | Full call number | Barcode | Date last seen | Copy number | Price effective from | Koha item type |
|---|---|---|---|---|---|---|---|---|---|---|---|---|---|---|---|
| CBU-MAIN LIBRARY, KITWE. | CBU-MAIN LIBRARY, KITWE. | 01/08/2024 | E 185.6 Myr | 001185 | 01/08/2024 | 1 | 01/08/2024 | MONOGRAPH | |||||||
| CBU-MAIN LIBRARY, KITWE. | CBU-MAIN LIBRARY, KITWE. | 01/08/2024 | E 185.6 Myr | 001186 | 01/08/2024 | 2 | 01/08/2024 | MONOGRAPH |